[Event "Olomouc Chess Summer 2016-Open seniorù"]
[Site "Olomouc"]
[Date "2016.08.14"]
[Round "2.4"]
[White "Zdrazil, Bohumir"]
[Black "Hagara, Vladimir"]
[Result "1/2-1/2"]
[WhiteElo "1934"]
[BlackElo "1849"]
[PlyCount "48"]
[EventDate "2016.08.13"]

1. Nf3 Nf6 2. g3 g6 3. Bg2 Bg7 4. O-O d5 5. d4 O-O 6. Nbd2 Nbd7 7. c4 c6 8. b3
dxc4 9. Nxc4 Nb6 10. Bb2 Be6 11. Ncd2 Bd5 12. Qc2 Rc8 13. e4 Be6 14. Rac1 Bh6
15. Rcd1 Qc7 16. Ne5 Nfd7 17. Ndf3 Nxe5 18. Nxe5 f6 19. Nf3 Qd7 20. a4 a6 21.
Rd3 Rfe8 22. Re1 Red8 23. Ba3 Bf8 24. Qd1 Bg4 1/2-1/2

[Event "Olomouc Chess Summer 2016-Open seniorù"]
[Site "Olomouc"]
[Date "2016.08.14"]
[Round "2.5"]
[White "Lacha, Jan"]
[Black "Vagovsky, Jozef"]
[Result "1/2-1/2"]
[WhiteElo "1800"]
[BlackElo "1883"]
[PlyCount "20"]
[EventDate "2016.08.13"]

1. d4 Nf6 2. Nf3 e6 3. Bf4 d5 4. Nbd2 c5 5. e3 Nc6 6. c3 Bd6 7. dxc5 Bxc5 8.
Nb3 Bd6 9. Bg5 Be7 10. Bb5 O-O 1/2-1/2